Guess That President! Republican or Democrat - Statistics

General Stats
  • This quiz has been taken 83 times
  • The average score is 25 of 35
Answer Stats
Hint Answer % Correct
Bill Clinton Democrat
85%
Barack Oama Democrat
85%
Joe Biden Democrat
85%
Abraham Lincoln Republican
85%
Donald Trump Republican
85%
Ulysses S. Grant Republican
82%
John F. Kennedy Democrat
80%
George W. Bush Republican
80%
Jimmy Carter Democrat
79%
Harry S. Truman Democrat
77%
Lyndon B. Johnson Democrat
77%
Richard Nixon Republican
77%
Ronald Reagan Republican
77%
Franklin D. Roosevelt Democrat
75%
Rutherford B. Hayes Republican
75%
Herbert Hoover Republican
75%
George H.W. Bush Republican
75%
Martin Van Buren Democrat
74%
William McKinley Republican
74%
Andrew Jackson Democrat
70%
James Buchanan Democrat
69%
Franklin Pierce Democrat
67%
Chester A. Arthur Republican
67%
Theodore Roosvelt Republican
67%
Warren G. Harding Republican
67%
Dwight D. Eisenhower Republican
67%
Gerald Ford Republican
67%
James K. Polk Democrat
64%
Woodrow Wilson Democrat
64%
Calvin Coolidge Republican
64%
James A. Garfield Republican
62%
William Howard Taft Republican
62%
Andrew Johnson Democrat
59%
Benjamin Harrison Republican
57%
Grover Cleveland Democrat
48%
No matching quizzes found
Score Distribution
Percent of People with Each Score
Percentile by Number Answered
Your Score History
You have not taken this quiz